| 000 | 00599nab a2200205 a 4500 | ||
|---|---|---|---|
| 005 | 20210219155948.0 | ||
| 008 | 991125s1985 mx 000 0 spa u | ||
| 035 | _aUPN01000155520 | ||
| 100 | 1 | _aRamírez, Juan Daniel | |
| 222 | _aESTUDIOS DE PSICOLOGIA | ||
| 245 | _aConciencia, lenguaje y escritura : cruce de caminos entre psicología e historia | ||
| 260 | _aMadrid, España | ||
| 300 | _a251-266 | ||
| 362 | 0 | _a2007 Vol. 28, no. 2 | |
| 653 | 0 | _aCONCIENCIA LINGÜÍSTICA | |
| 653 | 0 | _aESCRITURA | |
| 653 | 0 | _aLECTURA EN VOZ ALTA | |
| 653 | 0 | _aLECTURA SILENCIOSA | |
| 905 | _aArticulo | ||
| 999 |
_c127635 _d127635 |
||